| 000 | 00540nam a2200193 a 4500 | ||
|---|---|---|---|
| 003 | MX-MxUPN | ||
| 005 | 20240808114110.0 | ||
| 008 | 991125s1911 mx a r 000 0 spa d | ||
| 035 | _aUPN01000036367 | ||
| 040 |
_aMX-MxUPN _bspa _cMX-MxUPN |
||
| 041 | 0 | _aspa | |
| 050 | 1 | 4 |
_aZ56 _bM348 1911 |
| 100 | 1 |
_aMaumejean, L. E. _952953 |
|
| 245 | 1 | 0 | _aManual de fonografía, ó, Taquigrafía moderna |
| 260 |
_aMéxico : _bCh. Bouret, _c1911. |
||
| 300 |
_a110 páginas : _bilustraciones |
||
| 650 | 4 |
_aTaquigrafía _921571 |
|
| 942 |
_2lcc _cLIBRO |
||
| 999 |
_c36367 _d36367 |
||